[Event "Collado Villalba Grupo Gallinero op 1st"]
[Site "Collado Villalba"]
[Date "2022.08.16"]
[Round "8"]
[White "Hidalgo Arellano, Patricio"]
[Black "Avendano Mateos, Jose"]
[Result "0-1"]
[WhiteElo "1793"]
[BlackElo "1946"]
[PlyCount "114"]
[EventDate "2022.08.12"]
[EventType "swiss"]
[EventRounds "9"]
[EventCountry "ESP"]
[SourceTitle "CBM 210 Extra"]
[Source "ChessBase"]
[SourceDate "2022.11.30"]
[SourceVersion "1"]
[SourceVersionDate "2022.11.30"]
[SourceQuality "1"]

1. c4 c6 2. d4 d5 3. Nf3 Bg4 4. e3 e6 5. Bd3 f5 6. Nbd2 Nf6 7. Qc2 Bxf3 8. Nxf3 Ne4 9. cxd5 exd5 10. Qe2 Nd7 11. Bxe4 fxe4 12. Nd2 Nf6 13. 0-0 Bd6 14. f3 exf3 15. Rxf3 Qe7 16. e4 dxe4 17. Nxe4 0-0-0 18. Nxd6+ Qxd6 19. Bf4 Qxd4+ 20. Be3 Qe4 21. Rf4 Qe6 22. Re1 Rhe8 23. Ra4 Nd5 24. Rxa7 Qxe3+ 25. Qxe3 Rxe3 26. Rf1 Nf6 27. g4 Rd2 28. Ra3 Ree2 29. Rf4 Re1+ 30. Rf1 Rxf1+ 31. Kxf1 Rxh2 32. Ra8+ Kc7 33. b4 Nxg4 34. a4 Rb2 35. Rg8 Ne3+ 36. Ke1 Rxb4 37. Rxg7+ Kb6 38. Rxh7 Rxa4 39. Rg7 Rd4 40. Ke2 Nd5 41. Rh7 c5 42. Rh1 c4 43. Rb1+ Kc6 44. Rc1 c3 45. Rc2 b5 46. Ra2 b4 47. Ra6+ Kb5 48. Ra8 b3 49. Ra3 Kb4 50. Rxb3+ Kxb3 51. Kf2 c2 52. Kg2 c1R 53. Kf3 Rc3+ 54. Ke2 Kb2 55. Kf2 Rd2+ 56. Ke1 Rh2 57. Kd1 Rc1# 0-1

[Event "Madrid Codes Memorial 8th"]
[Site "Madrid"]
[Date "2014.05.04"]
[Round "6"]
[White "Rodriguez Dorado, Victor Manuel"]
[Black "Avendano Mateos, Jose"]
[Result "1/2-1/2"]
[WhiteElo "1989"]
[BlackElo "2042"]
[PlyCount "58"]
[EventDate "2014.03.23"]
[EventType "swiss"]
[EventRounds "9"]
[EventCountry "ESP"]
[SourceTitle "EXT 2019"]
[Source "ChessBase"]
[SourceDate "2018.10.10"]
[SourceVersion "1"]
[SourceVersionDate "2018.10.10"]
[SourceQuality "1"]

1. e4 c6 2. d4 d5 3. e5 Bf5 4. Nf3 e6 5. Be2 c5 6. Be3 Qb6 7. Nc3 c4 8. 0-0 Bb4 9. Na4 Qc6 10. c3 Ba5 11. b4 Bd8 12. Nb2 Ne7 13. a4 a5 14. b5 Qc7 15. h4 Bg4 16. Nh2 Bxe2 17. Qxe2 h5 18. Bg5 Nf5 19. Nf3 Nd7 20. Nd1 Bxg5 21. hxg5 g6 22. Ne3 Nb6 23. Nxf5 gxf5 24. Nh4 0-0-0 25. f4 Rdg8 26. Rf3 Nd7 27. Qb2 b6 28. Qc2 Nf8 29. Re1 Qd7 1/2-1/2